| 000 | 00978nam a2200313Ia 4500 | ||
|---|---|---|---|
| 001 | 15526 | ||
| 003 | 30604 | ||
| 005 | 20251020070835.0 | ||
| 008 | ||||||n9999 ||| || || | ||
| 041 | _aeng | ||
| 110 | 1 |
_aColombia. _bDepartamento Nacional de Planeación _9261 |
|
| 245 | 0 | _aWorld strategie opportunities business guide for foreign investment in Colombia | |
| 260 |
_aBogotá : _bDepartamento Nacional de Planeación-DNP, _c1991. |
||
| 300 | _a169p | ||
| 562 | _e1 | ||
| 650 | 0 |
_aActividad económica _95438 |
|
| 650 | 0 |
_aAnálisis económico _9262 |
|
| 650 |
_aCOLOMBIA _924281 |
||
| 650 | 0 |
_aComercio exterior _95218 |
|
| 650 | 0 |
_aComportamiento económico _95833 |
|
| 650 | 0 |
_aDesarrollo económico _91884 |
|
| 650 | 0 |
_aInversiones extranjeras _95567 |
|
| 650 | 0 |
_aLegislación _9538 |
|
| 650 | 0 |
_aMacroeconomía _95509 |
|
| 650 | 0 |
_aPolítica económica _9154 |
|
| 650 |
_aSECTORES ECONÓMICOS _94754 |
||
| 650 | 0 |
_aEmpleo _9184833 |
|
| 942 | _cDO-GO | ||
| 999 |
_c15526 _d15526 |
||